00491nam a2200145Ia 4500008004100000020001400041082001400055100002400069245001900093260006000112300002000172942004500192952009300237999001500330250602s9999 xx 000 0 und d a140621253 a822.33SHA aWilliam Shakespeare 0aAs You Like it a"27 wright lane,london"bpenguin popular classicsc1994 a126 p. ; 18 cm. h822.33iSHAcBK6822_330000000000000_SHA 94059aKFPLbKFPLcENGd2025-06-02l0o822.33SHApKL-2024-001471r2025-06-02 06:28:37yBK c3757d3757